Najlepsi strzelcy FC Barcelony - Statystyki

Ogólne statystyki
  • Ten quiz został rozwiązany 270 razy
  • Średni wynik to 4 z 6
Statystyki odpowiedzi
Miejsce Gole Pozycja Kraj Zawodnik % Poprawnych
1. 672 PS Argentyna Messi
100%
2. 226 N Urugwaj Suarez
98%
3. 130 N Kamerun Eto'o
74%
6. 117 N Bułgaria Stoichkov
50%
4. 130 ŚPO Brazylia Rivaldo
45%
5. 122 N Holandia Kluivert
22%
Nie znaleziono quizów pasujących do podanych kryteriów
Rozkład punktacji
Procent ludzi z każdym wynikiem
Percentyl według liczby udzielonych odpowiedzi
Twoja historia wyników
Nie rozwiązałeś tego quizu